|
|
แสดงรายละเอียดบรรณานุกรม |
|
|
Brief Record
: Get Marc (ISO 2709)
: E-mail record
: |
| LEADER 00000nama 2200000uu 4500 | |||
| 008 040531s2543 th m m a000 0 tha d | |||
| 020 974-8317-09-9 | |||
| 041 tha | |||
| 050 WA100 ส691ท 2543 | |||
| 100 สำนักงานโครงการปฏิรูประบบบริการสาธารณสุข | |||
| 245 ทิศทางปฏิรูปบริการสุขภาพไทย 001 | |||
| 246 บริการสุขภาพ | |||
| 260 นนทบุรี สำนักงานโครงการปฏิรูประบบบริการสาธารณสุข 2543 | |||
| 300 191 หน้า | |||
| 650 สุขภาพ - การบริการ สุขภาพ - การปฏิรูป | |||
| 998 2001-01-10 | |||
| คุณยังไม่ได้ล็อกอิน คุณสามารถมีกิจกรรมร่วมกับเว็บไซต์ได้ แต่ต้องล็อกอินก่อน :: |
|
| สถานะ | |||||||||
| 1. | หนังสือทั่วไป | WA100 ส691ท 2543 | On Shelf ขอยืม | ||||||
| [แสดง 1/1 รายการ] | |||||||||
BibComment |
| คอมเมนท์ทรัพยากรรายการนี้ |
|
|